[Event "BEL-chT 1516"]
[Site "Belgium"]
[Date "2016.03.06"]
[Round "8.8"]
[White "Baeten, Olivier"]
[Black "Montignies, Rainer"]
[Result "0-1"]
[WhiteElo "1937"]
[BlackElo "2260"]
[PlyCount "84"]
[EventDate "2015.09.27"]
[EventType "team-tourn"]
[EventRounds "11"]
[EventCountry "BEL"]
[SourceTitle "EXT 2017"]
[Source "ChessBase"]
[SourceDate "2016.10.25"]
[SourceVersion "1"]
[SourceVersionDate "2016.10.25"]
[SourceQuality "1"]
[WhiteTeam "TBCC"]
[BlackTeam "Eynatten"]
[WhiteTeamCountry "BEL"]
[BlackTeamCountry "BEL"]

1. d4 e6 2. Nf3 c5 3. c4 cxd4 4. Nxd4 Nf6 5. g3 a6 6. Bg2 Qc7 7. b3 Be7 8. 0-0 0-0 9. Bb2 d6 10. Qc2 Nc6 11. Nd2 Bd7 12. Ne4 Ne5 13. Rac1 Rac8 14. Nf3 Neg4 15. Nfg5 Nxe4 16. Qxe4 f5 17. Qd4 Nf6 18. Qe3 Ng4 19. Qd4 Nf6 20. Qe3 Qb8 21. h3 e5 22. f4 e4 23. Qd2 h6 24. Bxf6 Rxf6 25. Qd5+ Kh8 26. Nxe4 fxe4 27. Qxe4 Bc6 28. Qd4 Bxg2 29. Kxg2 Qc7 30. Qd5 Qc6 31. Rcd1 Qxd5+ 32. Rxd5 Kg8 33. Rf3 Re6 34. Kf2 Bd8 35. Rfd3 Bb6+ 36. Kf3 Bc5 37. e4 Rce8 38. e5 dxe5 39. fxe5 Rxe5 40. Kf4 Re4+ 41. Kf5 Kh7 42. Rf3 g6+ 0-1

[Event "Charleroi op 4th"]
[Site "Charleroi"]
[Date "2005.07.31"]
[Round "2"]
[White "Perez Garcia, Roberto"]
[Black "Baeten, Olivier"]
[Result "1-0"]
[WhiteElo "2180"]
[BlackElo "1995"]
[PlyCount "35"]
[EventDate "2005.07.30"]
[EventType "swiss"]
[EventRounds "9"]
[EventCountry "BEL"]
[SourceTitle "EXT 2006"]
[Source "ChessBase"]
[SourceDate "2005.11.24"]
[SourceVersion "1"]
[SourceVersionDate "2005.11.24"]
[SourceQuality "1"]

1. e4 c5 2. Nf3 e6 3. Nc3 a6 4. d4 cxd4 5. Nxd4 Qc7 6. Be2 Bb4 7. 0-0 Nf6 8. Qd3 Bxc3 9. bxc3 d5 10. e5 Qxe5 11. Ba3 Nbd7 12. Rfe1 Qc7 13. Qe3 Ne4 14. c4 Qa5 15. cxd5 Qxd5 16. Rad1 Qxa2 17. Ra1 Qd5 18. c4 1-0

[Event "BEL FEFB-ch op"]
[Site "Charleroi"]
[Date "2001.05.26"]
[Round "3"]
[White "Baeten, Olivier"]
[Black "Iolis, Oleg"]
[Result "0-1"]
[WhiteElo "2222"]
[BlackElo "1750"]
[PlyCount "104"]
[EventDate "2001.05.??"]
[EventType "swiss"]
[EventRounds "7"]
[EventCountry "BEL"]
[SourceTitle "EXT 2005"]
[Source "ChessBase"]
[SourceDate "2004.11.15"]
[SourceVersion "1"]
[SourceVersionDate "2004.11.15"]
[SourceQuality "1"]

1. d4 Nf6 2. Nf3 g6 3. c4 Bg7 4. Nc3 0-0 5. e4 d6 6. Be2 e5 7. 0-0 Nc6 8. d5 Ne7 9. Ne1 Nd7 10. Be3 f5 11. f3 f4 12. Bf2 g5 13. a4 h5 14. a5 Nf6 15. c5 g4 16. cxd6 cxd6 17. Nb5 g3 18. Bxa7 gxh2+ 19. Kf2 Ng6 20. Rh1 Ng4+ 21. fxg4 hxg4 22. Nf3 gxf3 23. Bxf3 Bd7 24. Rxh2 Bxb5 25. Bb6 Qe7 26. Bg4 Bd7 27. Bxd7 Qxd7 28. Qh5 Kf7 29. Rc1 Rac8 30. Rhh1 Rh8 31. Qf5+ Qxf5 32. exf5 Ne7 33. Rxh8 Rxc1 34. Rb8 e4 35. Rxb7 Rc2+ 36. Kg1 e3 37. Bd8 Rc1+ 38. Kh2 Bf6 39. a6 e2 40. Ba5 e1Q 41. Bxe1 Rxe1 42. a7 Ra1 43. g4 fxg3+ 44. Kxg3 Bd4 45. Rd7 Rxa7 46. Rxa7 Bxa7 47. Kf4 Nxd5+ 48. Ke4 Ne7 49. b4 Kf6 50. b5 d5+ 51. Kf4 Nxf5 52. Kg4 Ke5 0-1